000 00525nam a2200217Ia 4500
003 OSt
005 20220928141525.0
006 a|||||r|||| 00| 0
007 ta
008 220927b |||||||| |||| 00| 0 eng d
024 _a15758
037 _cTextual
040 _aSDCL
_cSDCL
_beng
041 _2eng
_aeng
082 _aPxN28, L5
100 _aRobinson Ian
_9448061
245 0 _aNew grammarian's funeral.
260 _c1975
942 _hPxN28, L5
_cTEXL
_2CC
999 _c818136
_d818136